banner-ar

السمع والطاعة / (Record no. 64558)

MARC details
000 -الفاتح
حقل البيانات ثابتة الطول 00698nam a22002057a 4500
005 - وقت وتاريخ اخر تعامل مع التسجيلة
رقم الضبط 20240530110738.0
008 - عناصر البيانات ثابتة الطول - معلومات عامة
حقل البيانات ثابتة الطول 180906s1990 ua g 000 0 ara d
017 ## - رقم الايداع القانونى
رقم الايداع القانونى 1990/3890
المصدر ( الهيئة المختصة) مصر. دار الكتب
040 ## - مصدر الفهرسة
وكالة الفهرسة الأصلية EG-CaGPL
وكالة النسخ EG-CaGPL
082 04 - رقم تصنيف ديوى العشرى
رقم الطبعة 21
رقم التصنيف 212.2 /
رقم المادة أ س
100 0# - المدخل الرئيسى - إسم شخصى
الإسم الشخصى احمد محمد شاكر
245 12 - بيان العنوان
العنوان السمع والطاعة /
بيان المسئوليه,etc بقلم احمد محمد شاكر
260 ## - PUBLICATION, DISTRIBUTION, ETC. (IMPRINT)
تاريخ النشر أو التوزيع 1990.
300 ## - الوصف المادى
التعداد 25 ص. ؛
أبعاد الوعاء 10 سم.
650 07 - المدخل الاضافى بالموضوع-مصطلح موضوعى
مصدر الرأس أو المصطلح qrmak
مصطلح موضوعي الاخلاق الاسلامية
650 07 - المدخل الاضافى بالموضوع-مصطلح موضوعى
مصدر الرأس أو المصطلح qrmak
مصطلح موضوعي الاداب الاسلامية
651 ## - المدخل الاضافى بالموضوع - اسم جغرافى
مصدر الرأس أو المصطلح qrmak
942 ## - عناصر المدخل الإضافي( كوها)
مصدر التصنيف او مخطط الترفيف Dewey Decimal Classification
Koha [default] item type كتاب
260 ## - PUBLICATION, DISTRIBUTION, ETC. (IMPRINT)
-- القاهرة :
-- مكتبة السنة،
Holdings
حالة التراجع حالة الفقد حالة تلف ليس للاعارة المكان المؤقت الموقع الحالى موقع الترفيف تاريخ الاكتساب اجمالي اﻻعارات رقم الطلب الباركود تاريخ اخر مشاهدة تاريخ تفعيل السعر نوع وعاء كوها
        مكتبة القاهرة الكبرى مكتبة القاهرة الكبرى القاعة الرئيسية 09/06/2018   212.2 / أ س 164995 09/06/2018 09/06/2018 كتاب
        مكتبة القاهرة الكبرى مكتبة القاهرة الكبرى القاعة الرئيسية 09/06/2018   212.2 / أ س 164996 09/06/2018 09/06/2018 كتاب

Powered By

EGPV